[Event "Tournoi Skype 031A"]
[Site "Skype"]
[Date "????.??.??"]
[Round "7.10"]
[White "Sanchez Ruiz, Justo"]
[Black "Marino, Giuseppe"]
[Result "1-0"]
[WhiteElo "1519"]
[BlackElo "1335"]
[PlyCount "71"]

1. e4 e5 2. Bc4 Nf6 3. d4 exd4 4. Nf3 Be7 5. O-O O-O 6. e5 Ne8 7. Nxd4 d6 8. e6
f6 9. Nf5 Kh8 10. Nc3 c6 11. Re1 d5 12. Bd3 g6 13. Nxe7 Qxe7 14. Bh6 Rg8 15.
Qe2 Ng7 16. Bxg7+ Rxg7 17. Rad1 Na6 18. Bxa6 bxa6 19. a3 Bb7 20. Na4 Re8 21. b4
Bc8 22. Nc5 a5 23. c3 Rgg8 24. Rd3 Rg7 25. Re3 Kg8 26. Qd2 Kh8 27. Qd4 axb4 28.
axb4 Kg8 29. Qf4 Kh8 30. h3 Kg8 31. Nd7 Kh8 32. Nxf6 Rf8 33. Rf3 Bxe6 34. Qe5
Rff7 35. Qxe6 Qb7 36. Qe8+ 1-0

[Event "Tournoi Skype 031A"]
[Site "Skype"]
[Date "????.??.??"]
[Round "7.11"]
[White "Chavero, Victor"]
[Black "Lovell, Stan"]
[Result "1-0"]
[WhiteElo "1281"]
[BlackElo "1518"]
[PlyCount "81"]

1. Nf3 Nf6 2. d4 d6 3. Nc3 g6 4. Qd3 Bg7 5. e4 O-O 6. Be2 Nc6 7. Bg5 h6 8. Bc1
a6 9. a3 e5 10. d5 Ne7 11. O-O Bd7 12. a4 c6 13. dxc6 bxc6 14. Qxd6 Ne8 15. Qd3
Qc8 16. Rd1 Be6 17. a5 Qc7 18. Be3 Nf6 19. Bb6 Qb8 20. Bc5 Qb7 21. Nxe5 Rfd8
22. Qe3 Re8 23. Na4 Nc8 24. Rd3 Nd7 25. Nxd7 Bxd7 26. Rb3 Qc7 27. Rd1 Be6 28.
Ra3 Kh7 29. Raa1 Bf5 30. f3 Be6 31. f4 Bf5 32. Bf3 Bxe4 33. Bxe4 f5 34. Nb6
Nxb6 35. axb6 Qf7 36. Ra4 fxe4 37. Rxe4 Rxe4 38. Qxe4 Bf8 39. Bf2 Qb7 40. Qe6
Kh8 41. Rd7 1-0

[Event "Tournoi Skype 031A"]
[Site "Skype"]
[Date "????.??.??"]
[Round "7.12"]
[White "Kumbhar, Ashok"]
[Black "Munoz Gonzalez, Martin"]
[Result "1-0"]
[WhiteElo "1100"]
[BlackElo "1365"]
[PlyCount "79"]

1. e4 Nf6 2. e5 Nd5 3. c4 Nb6 4. d4 d6 5. Nc3 dxe5 6. dxe5 Qxd1+ 7. Nxd1 Nc6 8.
Bf4 Nb4 9. Ne3 e6 10. a3 Nc6 11. Nf3 Bc5 12. Nc2 Be7 13. Rd1 Nd7 14. Ncd4 Nxd4
15. Nxd4 c6 16. Bd3 Nc5 17. Bc2 Bd7 18. b4 Na6 19. b5 Nc7 20. Rb1 c5 21. Nf3 b6
22. Be4 Rd8 23. O-O O-O 24. a4 g6 25. a5 Ne8 26. axb6 axb6 27. Ra1 Bc8 28. Ra7
Rd7 29. Rfa1 Ng7 30. Bc6 Rxa7 31. Rxa7 Nf5 32. g4 Nh4 33. Rxe7 Nxf3+ 34. Bxf3
Rd8 35. Bb7 Kf8 36. Bg5 Bd7 37. Bf6 h6 38. h4 Kg8 39. Bc6 Bc8 40. Be8 1-0

[Event "Tournoi Skype 031A"]
[Site "Skype"]
[Date "????.??.??"]
[Round "7.13"]
[White "Sharma, Mayank"]
[Black "Khabou, Taha"]
[Result "1-0"]
[WhiteElo "1509"]
[BlackElo "1358"]
[PlyCount "31"]

1. e4 e6 2. Nf3 d5 3. exd5 exd5 4. d4 Bf5 5. Nc3 Nf6 6. Bg5 c6 7. Qe2+ Be6 8.
O-O-O Bd6 9. Ne5 O-O 10. Kb1 Be7 11. f3 Nfd7 12. Bf4 f6 13. Nxc6 Nxc6 14. Qxe6+
Kh8 15. Bb5 Ndb8 16. Nxd5 1-0

[Event "Tournoi Skype 031A"]
[Site "Skype"]
[Date "????.??.??"]
[Round "7.14"]
[White "Calderon, Francisco"]
[Black "Ram, Madhukesh"]
[Result "1-0"]
[WhiteElo "1604"]
[BlackElo "1299"]
[PlyCount "79"]

1. e4 c5 2. Nf3 d6 3. h3 Nf6 4. Nc3 Nc6 5. Bb5 Bd7 6. O-O g6 7. e5 dxe5 8. Bxc6
Bxc6 9. Nxe5 Qc7 10. Re1 e6 11. d3 Bg7 12. Bf4 Nh5 13. Nxc6 Nxf4 14. Qf3 bxc6
15. Ne4 O-O 16. Nxc5 Nd5 17. c3 Qf4 18. Qe2 Rfd8 19. d4 Rab8 20. Nd3 Qg5 21.
Qf3 Rd6 22. Re4 Nb6 23. Rg4 Qe7 24. Re1 Nd5 25. a3 Nf6 26. Rf4 g5 27. Rf5 Rd5
28. Rxd5 Nxd5 29. Qg3 h6 30. Qxb8+ Kh7 31. Qg3 Nb6 32. f4 Nc4 33. fxg5 hxg5 34.
Re2 Qf6 35. Nf2 Qf5 36. Ne4 Kg6 37. Qd3 Nb6 38. Rf2 Qa5 39. Nf6+ Kh6 40. Qh7#
1-0

[Event "Tournoi Skype 031A"]
[Site "Skype"]
[Date "????.??.??"]
[Round "7.15"]
[White "Khetre, Gaurav"]
[Black "L'Herbon De Lussats, Jean"]
[Result "0-1"]
[WhiteElo "1502"]
[BlackElo "1233"]
[PlyCount "40"]

1. e4 c5 2. Nf3 d6 3. b3 Nf6 4. Bd3 a6 5. O-O b5 6. Bb2 Nbd7 7. Qe2 e5 8. c4 b4
9. Bc2 Be7 10. d3 O-O 11. Nbd2 Ng4 12. h3 Nh6 13. Nh2 f5 14. exf5 Nxf5 15. f4
Bf6 16. fxe5 Nxe5 17. Ndf3 Ng3 18. Qe1 Nxf1 19. Qxf1 Nxf3+ 20. Qxf3 Bd4+ 0-1

[Event "Tournoi Skype 031A"]
[Site "Skype"]
[Date "????.??.??"]
[Round "7.17"]
[White "Junqueira, Leonardo De Faria"]
[Black "Graham, Neil"]
[Result "1/2-1/2"]
[WhiteElo "1408"]
[BlackElo "1285"]
[PlyCount "74"]

1. e4 c5 2. d4 cxd4 3. c3 dxc3 4. Nxc3 e6 5. Bc4 Bb4 6. Bd2 Ne7 7. Nf3 Nbc6 8.
O-O O-O 9. Nb5 Bxd2 10. Qxd2 d5 11. exd5 Nxd5 12. Bxd5 Qxd5 13. Qxd5 exd5 14.
Nc7 Rb8 15. Nxd5 Be6 16. Nc3 Rfd8 17. Rad1 Bg4 18. h3 Bxf3 19. gxf3 Kf8 20.
Rfe1 Nd4 21. Kg2 Rd6 22. Re4 Rbd8 23. Rde1 Rg6+ 24. Rg4 Re6 25. Rge4 Rde8 26.
Rd1 Rxe4 27. fxe4 Nc6 28. Rd7 Re7 29. Rxe7 Kxe7 30. f3 Ke6 31. Kf2 Ne5 32. b3
f5 33. Ke3 h6 34. Nb5 fxe4 35. Kxe4 a6 36. Nd4+ Kf6 37. Ne2 Nc6 1/2-1/2

[Event "Tournoi Skype 031A"]
[Site "Skype"]
[Date "????.??.??"]
[Round "7.18"]
[White "Morales Terreros, Jose Luis"]
[Black "Carballo, Jorge"]
[Result "1-0"]
[WhiteElo "1231"]
[BlackElo "1367"]
[PlyCount "37"]

1. e4 e5 2. Nf3 Nc6 3. d4 exd4 4. Bc4 d6 5. Ng5 Ne5 6. Bb3 h6 7. Nf3 Bg4 8. h3
Nxf3+ 9. gxf3 Be6 10. Qxd4 Bxb3 11. cxb3 Nf6 12. Nc3 Be7 13. Rg1 c5 14. Qc4 g6
15. Be3 Qd7 16. O-O-O O-O-O 17. Bxc5 Qc7 18. Bxa7 Qc5 19. Bxc5 1-0

[Event "Tournoi Skype 031A"]
[Site "Skype"]
[Date "????.??.??"]
[Round "7.19"]
[White "Vello, Pablo"]
[Black "Lago Carballo, Maria Del Carmen"]
[Result "1/2-1/2"]
[WhiteElo "1190"]
[BlackElo "1364"]
[PlyCount "60"]

1. d4 d5 2. Nc3 Nf6 3. Bf4 a6 4. e3 Bf5 5. f3 h6 6. g4 Bh7 7. Bd3 Bxd3 8. Qxd3
e6 9. Nge2 Be7 10. O-O-O Nc6 11. a3 Na5 12. Kb1 Nc4 13. Nc1 c6 14. Nb3 Nd7 15.
Rdg1 b5 16. Nd2 Ndb6 17. e4 Nxd2+ 18. Qxd2 Nc4 19. Qc1 Bg5 20. exd5 Bxf4 21.
Qxf4 Qd6 22. Qxd6 Nxd6 23. dxc6 Nc4 24. Re1 Nd2+ 25. Kc1 Nxf3 26. Rd1 O-O-O 27.
Rd3 Nxd4 28. Rhd1 Nxc6 29. Ne4 Rxd3 30. Rxd3 Rd8 1/2-1/2

[Event "Tournoi Skype 031A"]
[Site "Skype"]
[Date "????.??.??"]
[Round "7.20"]
[White "Gadow, Martin"]
[Black "Trivedi, Viral"]
[Result "1/2-1/2"]
[WhiteElo "1342"]
[BlackElo "1202"]
[PlyCount "113"]

1. Nf3 e6 2. c4 d5 3. cxd5 exd5 4. e3 Nf6 5. Nc3 Bd6 6. Be2 c6 7. O-O Bg4 8. d4
Nbd7 9. Ne1 Bxe2 10. Qxe2 Ne4 11. Nxe4 dxe4 12. Qg4 Nf6 13. Qe2 h5 14. f4 exf3
15. Qxf3 Qc7 16. Nd3 Bxh2+ 17. Kh1 Ng4 18. Qe4+ Qe7 19. Qxe7+ Kxe7 20. e4 Bg3
21. Rf3 h4 22. Ne5 Bxe5 23. dxe5 Nxe5 24. Rh3 Ng4 25. Bg5+ f6 26. Bxh4 g5 27.
Bg3 Rxh3+ 28. gxh3 Rh8 29. Re1 Rxh3+ 30. Kg2 Rh7 31. e5 f5 32. Re2 f4 33. Bxf4
gxf4 34. Kf3 Nh2+ 35. Kxf4 Ke6 36. Kg3 Nf1+ 37. Kg2 Rh2+ 38. Kxf1 Rxe2 39. Kxe2
Kxe5 40. Ke3 Kd5 41. Kd3 b5 42. b4 c5 43. bxc5 Kxc5 44. a3 a5 45. Kc3 Kd5 46.
Kd3 Kc5 47. Kc3 b4+ 48. axb4+ axb4+ 49. Kb3 Kb5 50. Kb2 Ka4 51. Ka2 b3+ 52. Kb2
Kb4 53. Kb1 Kc3 54. Kc1 Kd3 55. Kb2 Kc4 56. Kb1 Kc3 57. Kc1 1/2-1/2

[Event "Tournoi Skype 031A"]
[Site "Skype"]
[Date "????.??.??"]
[Round "7.22"]
[White "De Fazio, Monica"]
[Black "Vasquez Cienfuegos, Oscar"]
[Result "0-1"]
[WhiteElo "1020"]
[BlackElo "1389"]
[PlyCount "60"]

1. Nf3 d5 2. d4 e6 3. c4 Nf6 4. Nc3 Bb4 5. Bd2 O-O 6. g3 c5 7. a3 cxd4 8. Nxd4
Bxc3 9. Bxc3 e5 10. Nb5 a6 11. Bb4 axb5 12. Bxf8 Qxf8 13. cxd5 Nbd7 14. Bg2 Qd6
15. O-O Nb6 16. e4 h6 17. Qd3 Bd7 18. Rfd1 Na4 19. Qb3 Nc5 20. Qb4 Ra4 21. Qe1
Ncxe4 22. b3 Rd4 23. Rxd4 exd4 24. Bxe4 Nxe4 25. Qxe4 Qc5 26. Rd1 Qxa3 27. Qe7
Qxe7 28. Rxd4 Bh3 29. Rd1 Qe4 30. f3 Qxf3 0-1

[Event "Tournoi Skype 031A"]
[Site "Skype"]
[Date "????.??.??"]
[Round "7.23"]
[White "Hague, Mark"]
[Black "Bendre, Pankaj"]
[Result "0-1"]
[WhiteElo "1324"]
[BlackElo "1182"]
[PlyCount "56"]

1. d4 d5 2. e3 Nf6 3. f4 Bf5 4. Nf3 e6 5. h3 h6 6. g4 Bh7 7. Nc3 Be7 8. Bd3 Ne4
9. Bxe4 dxe4 10. Ne5 Bh4+ 11. Ke2 Qd6 12. Nc4 Qb4 13. Qd2 Qxc4+ 14. Kd1 Nd7 15.
b3 Qc6 16. Bb2 Nf6 17. d5 exd5 18. Nxd5 Qxd5 19. Bxf6 Qxd2+ 20. Kxd2 gxf6 21.
Rad1 O-O-O+ 22. Ke2 f5 23. gxf5 Bxf5 24. Rdg1 Bf6 25. Rg3 Bg6 26. h4 Bh5+ 27.
Kf2 Rd2+ 28. Ke1 Rd1+ 0-1

[Event "Tournoi Skype 031A"]
[Site "Skype"]
[Date "????.??.??"]
[Round "7.25"]
[White "Abdulrazzaq, Mohsen"]
[Black "Resende, Paulo"]
[Result "1/2-1/2"]
[WhiteElo "1346"]
[BlackElo "1881"]
[PlyCount "77"]

1. e4 c5 2. Nf3 a6 3. Bc4 e6 4. d4 cxd4 5. Nxd4 b5 6. Be2 Bb7 7. Nc3 Bb4 8. Bf3
Ne7 9. Nde2 d5 10. exd5 Nxd5 11. O-O O-O 12. Nxd5 Bxd5 13. Bxd5 exd5 14. Nf4 d4
15. Nd3 Ba5 16. Bf4 Nc6 17. Ne5 Rc8 18. Nf3 Qf6 19. Bg3 Rfe8 20. a3 Bc7 21.
Bxc7 Rxc7 22. Re1 Rce7 23. Rxe7 Qxe7 24. Qd2 Qc5 25. h3 Qc4 26. Rd1 h6 27. Qd3
Qxd3 28. Rxd3 Re2 29. Rd2 Rxd2 30. Nxd2 f5 31. Kf1 Kf7 32. Ke2 Ke6 33. Kd3 Kd5
34. f4 a5 35. c4+ dxc3 36. bxc3 b4 37. cxb4 axb4 38. axb4 Nxb4+ 39. Ke3 1/2-1/2

[Event "Tournoi Skype 031A"]
[Site "Skype"]
[Date "????.??.??"]
[Round "7.26"]
[White "Pasasin, Alejandro"]
[Black "Grib, Johannes"]
[Result "1/2-1/2"]
[WhiteElo "1298"]
[BlackElo "1407"]
[PlyCount "109"]

1. d4 Nf6 2. Bf4 d6 3. Nd2 Nc6 4. c3 e5 5. dxe5 dxe5 6. Bg3 Bd6 7. Nc4 O-O 8.
Bh4 Be6 9. e4 a6 10. Nf3 Bg4 11. Be2 b5 12. Ne3 Be6 13. O-O Ne7 14. Qc2 Ng6 15.
Bg3 Nh5 16. Nxe5 Nxe5 17. Bxh5 g6 18. Be2 f6 19. Rad1 Qc8 20. Nd5 Ra7 21. f4
Nc4 22. Rd3 c6 23. Nxf6+ Rxf6 24. e5 Bc5+ 25. Kh1 Rf8 26. Bf2 Bxf2 27. Rxf2 Bf5
28. b3 Na3 29. Qb2 Bxd3 30. Bxd3 b4 31. cxb4 Nb5 32. a4 Nc7 33. Bc4+ Nd5 34. b5
axb5 35. axb5 h5 36. Qc2 Ra1+ 37. Bf1 Qe8 38. Qe4 Qe6 39. bxc6 Rxf4 40. Rxf4
Nxf4 41. Qxf4 Qxe5 42. Qf3 Qb5 43. Kg1 Qb6+ 44. Kh1 Qxc6 45. Kg1 Qb6+ 46. Qf2
Qxb3 47. g3 g5 48. Kg2 Ra2 49. Be2 Qd5+ 50. Kg1 g4 51. Qe3 Ra1+ 52. Kf2 Qf7+
53. Kg2 Ra2 54. Qf2 Qd5+ 55. Kg1 1/2-1/2

[Event "Tournoi Skype 031A"]
[Site "Skype"]
[Date "????.??.??"]
[Round "7.27"]
[White "Alarcon Alarcon, Florentina"]
[Black "Pouteau, Pascal"]
[Result "1-0"]
[WhiteElo "1397"]
[BlackElo "1349"]
[PlyCount "105"]

1. e4 g6 2. d4 d6 3. Nc3 Bg7 4. Be3 e5 5. d5 a6 6. Qd2 Bg4 7. h3 Bc8 8. Nf3 c6
9. dxc6 Nxc6 10. a3 Be6 11. Be2 Qd7 12. O-O Rd8 13. Ng5 Bh6 14. Nxe6 Bxe3 15.
Qxe3 Qxe6 16. Nd5 Qd7 17. c3 Nce7 18. Bc4 Nxd5 19. Bxd5 Nf6 20. Ba2 Qc6 21. f3
O-O 22. Kh2 Rd7 23. c4 b5 24. Rac1 Qb7 25. c5 Qc6 26. b4 d5 27. exd5 Nxd5 28.
Qxe5 Rfd8 29. Bxd5 Rxd5 30. Qg3 Qf6 31. Rfe1 Kg7 32. Re3 Rg5 33. Qe1 Qf4+ 34.
Kh1 Rgd5 35. Re4 Qxc1 36. Qxc1 Rd1+ 37. Qxd1 Rxd1+ 38. Kh2 Rd8 39. Kg3 Kf8 40.
Kf4 Rd7 41. Ke5 Ke7 42. Kf4+ Kf6 43. Re8 Rd4+ 44. Ke3 Rd7 45. Ra8 Re7+ 46. Kf4
Re6 47. Rd8 Ke7 48. Rd4 Rc6 49. Kg5 f6+ 50. Kh6 g5 51. Kxh7 Rc8 52. Kg6 Rc6 53.
Rd6 1-0

[Event "Tournoi Skype 031A"]
[Site "Skype"]
[Date "????.??.??"]
[Round "7.28"]
[White "Vaswani, Manohar"]
[Black "Sequeda Pimiento, Javier Ricardo"]
[Result "1-0"]
[WhiteElo "1238"]
[BlackElo "1395"]
[PlyCount "63"]

1. e4 e5 2. Nf3 Nc6 3. Bc4 Bc5 4. c3 Nf6 5. d3 O-O 6. Bg5 Na5 7. Bb3 Nxb3 8.
Qxb3 b6 9. Nxe5 Bb7 10. O-O d5 11. exd5 Bxd5 12. Qd1 h6 13. Bh4 Bd6 14. Re1 Re8
15. Nf3 Bxf3 16. gxf3 Qd7 17. Bg3 Nh5 18. Nd2 Nf4 19. Rxe8+ Rxe8 20. Ne4 Qh3
21. Qf1 Qxf1+ 22. Rxf1 Nxd3 23. b3 Bxg3 24. fxg3 f5 25. Nf2 Re2 26. Nxd3 Rxa2
27. Re1 Kf8 28. Ne5 Rd2 29. Nc6 a5 30. Re7 Rd3 31. Rxc7 Rxf3 32. Rc8+ 1-0

[Event "Tournoi Skype 031A"]
[Site "Skype"]
[Date "????.??.??"]
[Round "7.29"]
[White "Escudero Ocana, Francisco"]
[Black "Davis, Michael"]
[Result "0-1"]
[WhiteElo "1393"]
[BlackElo "1308"]
[PlyCount "46"]

1. e4 c5 2. Nf3 Nc6 3. Bc4 e6 4. d4 cxd4 5. Nxd4 Nf6 6. Bg5 Qa5+ 7. Qd2 Qxd2+
8. Nxd2 Nxd4 9. O-O-O Be7 10. c3 Nc6 11. Nf3 Nxe4 12. Be3 d5 13. Bd3 Nf6 14. h3
e5 15. Bc2 Be6 16. g4 O-O-O 17. Rhe1 h6 18. Ba4 d4 19. cxd4 exd4 20. Bxc6 dxe3
21. Ba4 exf2 22. Re2 Rxd1+ 23. Kxd1 f1=Q+ 0-1

[Event "Tournoi Skype 031A"]
[Site "Skype"]
[Date "????.??.??"]
[Round "7.30"]
[White "Hadla, Mohammad Ali"]
[Black "Ramirez Reina, Orlando"]
[Result "0-1"]
[WhiteElo "1470"]
[BlackElo "1302"]
[PlyCount "86"]

1. e4 e5 2. Bc4 Nc6 3. Nf3 a6 4. c3 Be7 5. d4 exd4 6. cxd4 Bb4+ 7. Nc3 d6 8. h3
Nge7 9. O-O O-O 10. Qb3 Bxc3 11. bxc3 h6 12. Bf4 Na5 13. Qb2 Nxc4 14. Qb4 b5
15. a4 Bd7 16. axb5 Bxb5 17. Rfd1 Nc6 18. Qb3 N6a5 19. Qc2 Qf6 20. Bg3 Rfe8 21.
Bh4 Qg6 22. Re1 Bd7 23. Bg3 f5 24. exf5 Bxf5 25. Qc1 Nb3 26. Qd1 Nxa1 27. Qxa1
Rxe1+ 28. Qxe1 Re8 29. Qc1 a5 30. Qf4 Qe6 31. Qh4 Qf6 32. Qf4 Nb6 33. Qd2 a4
34. Bh4 Qe6 35. Qb2 Qb3 36. Qd2 Nc4 37. Qf4 Bh7 38. d5 a3 39. Nd4 Qxc3 40. Ne6
Qe1+ 41. Kh2 Qe5 42. Qxe5 dxe5 43. Nxc7 Rc8 0-1

[Event "Tournoi Skype 031A"]
[Site "Skype"]
[Date "????.??.??"]
[Round "7.31"]
[White "Galani, Mahendra"]
[Black "Lopes, Marcia Maria"]
[Result "1-0"]
[WhiteElo "1375"]
[BlackElo "1297"]
[PlyCount "49"]

1. d4 Nf6 2. Nd2 d5 3. c3 e6 4. Ngf3 Nbd7 5. Qc2 Be7 6. e4 dxe4 7. Nxe4 O-O 8.
Bd3 c5 9. Neg5 g6 10. h4 Nh5 11. g4 Ng7 12. h5 h6 13. Ne4 Nf6 14. Nxf6+ Bxf6
15. Bxh6 cxd4 16. c4 Re8 17. hxg6 Qd7 18. gxf7+ Qxf7 19. Bh7+ Kh8 20. Bg6 Qe7
21. Bxe8 Qxe8 22. Bg5+ Kg8 23. Bxf6 Qc6 24. Qh7+ Kf7 25. Qxg7+ 1-0

[Event "Tournoi Skype 031A"]
[Site "Skype"]
[Date "????.??.??"]
[Round "7.32"]
[White "Perrone, Gabriel Lorenzo"]
[Black "Le Brun, Yves"]
[Result "0-1"]
[WhiteElo "1382"]
[BlackElo "1321"]
[PlyCount "122"]

1. d4 d5 2. c4 c6 3. Nc3 Bf5 4. Qa4 e6 5. Nf3 Nd7 6. Qb3 Qb6 7. Qxb6 axb6 8.
cxd5 exd5 9. Bf4 h6 10. e3 Bb4 11. Be2 Bxc3+ 12. bxc3 Ra3 13. c4 Be4 14. O-O
Ngf6 15. Nd2 Bd3 16. Bxd3 Rxd3 17. Nf3 dxc4 18. Rfd1 Rxd1+ 19. Rxd1 b5 20. Bd6
Ne4 21. Bb4 g5 22. Nd2 Nxd2 23. Rxd2 Kd8 24. Bd6 Re8 25. a3 Nf6 26. Bb4 Ne4 27.
Rc2 b6 28. f3 Nf6 29. e4 Kc7 30. Ra2 Nd7 31. Kf2 c5 32. dxc5 bxc5 33. Ba5+ Kc6
34. Rd2 Ra8 35. Bc3 Rxa3 36. Bg7 h5 37. Kg3 f6 38. h4 b4 39. hxg5 c3 40. Rc2
fxg5 41. e5 Kd5 42. f4 gxf4+ 43. Kxf4 Ke6 44. Ke4 Ra8 45. Kd3 Nxe5+ 46. Bxe5
Kxe5 47. Kc4 Rc8 48. Kb3 Ke4 49. Re2+ Kd3 50. Rf2 Ra8 51. Rf3+ Kd4 52. Rf4+ Ke5
53. g3 Ra3+ 54. Kc2 Ra2+ 55. Kb3 Rd2 56. Rh4 Rb2+ 57. Kc4 c2 58. Rxh5+ Ke4 59.
Rxc5 c1=Q+ 60. Kb5 Qf1+ 61. Rc4+ Kd5 0-1

[Event "Tournoi Skype 031A"]
[Site "Skype"]
[Date "????.??.??"]
[Round "7.33"]
[White "Gharbi, Said"]
[Black "Sauvaget, Joel"]
[Result "1-0"]
[WhiteElo "1252"]
[BlackElo "1255"]
[PlyCount "83"]

1. e4 c6 2. Nf3 e6 3. Bc4 d5 4. exd5 exd5 5. Bb3 Nf6 6. d4 Bg4 7. O-O Be7 8. h3
Bxf3 9. Qxf3 O-O 10. c4 dxc4 11. Bxc4 Qxd4 12. Qb3 Qb6 13. Qg3 Nbd7 14. Bh6 Ne8
15. Bb3 Bf6 16. Nc3 Nc5 17. Be3 Be7 18. Rfe1 Qd8 19. Rad1 Nd7 20. Bh6 Bf6 21.
Ne4 Kh8 22. Bf4 Rc8 23. Nc5 Rc7 24. Bxc7 Nxc7 25. Nxd7 Ne6 26. Nxf8 Qxf8 27.
Bxe6 fxe6 28. Rxe6 h6 29. Rde1 Qc5 30. Re8+ Kh7 31. Qd3+ g6 32. Qd7+ Bg7 33.
Qf7 h5 34. Qg8+ Kh6 35. R8e7 Qd4 36. Rxb7 Qf6 37. Re6 Qd4 38. Qxg7+ Qxg7 39.
Rxg7 Kxg7 40. Rxc6 h4 41. Rc7+ Kf6 42. Rxa7 1-0

[Event "Tournoi Skype 031A"]
[Site "Skype"]
[Date "????.??.??"]
[Round "8.1"]
[White "Lopez, Jose Luis"]
[Black "Hahnewald, Uwe"]
[Result "1-0"]
[WhiteElo "1651"]
[BlackElo "1806"]
[PlyCount "23"]

1. e4 c5 2. Nf3 Nc6 3. c3 Nf6 4. e5 Nd5 5. d4 cxd4 6. cxd4 d6 7. Bc4 e6 8. O-O
dxe5 9. dxe5 Be7 10. Nc3 Nxc3 11. bxc3 a5 12. Qe2 1-0

[Event "Tournoi Skype 031A"]
[Site "Skype"]
[Date "????.??.??"]
[Round "8.2"]
[White "Thavorath, Nirandas"]
[Black "Grosso, Raul"]
[Result "1-0"]
[WhiteElo "1335"]
[BlackElo "1746"]
[PlyCount "43"]

1. e4 c5 2. Nf3 g6 3. d4 cxd4 4. Qxd4 Nf6 5. e5 Nc6 6. Qd3 Nxe5 7. Nxe5 Qa5+ 8.
Qc3 Qd5 9. Bc4 Qe4+ 10. Be3 e6 11. O-O Bg7 12. Bd3 Qd5 13. Ng4 Nh5 14. Qb4 a5
15. Qa3 f5 16. Nc3 Qc6 17. Bg5 Bf8 18. Qb3 fxg4 19. Bb5 Qc5 20. Qxe6+ Be7 21.
Nd5 Ng7 22. Qe5 1-0

[Event "Tournoi Skype 031A"]
[Site "Skype"]
[Date "????.??.??"]
[Round "8.3"]
[White "Vasquez, Georges"]
[Black "Elias, Roberto"]
[Result "0-1"]
[WhiteElo "1796"]
[BlackElo "1671"]
[PlyCount "150"]

1. d4 Nf6 2. c4 d5 3. cxd5 Qxd5 4. Nc3 Qa5 5. Nf3 Bg4 6. Ne5 Bf5 7. Qb3 e6 8.
Qxb7 Be4 9. Qb5+ Qxb5 10. Nxb5 Bb4+ 11. Nc3 O-O 12. f3 Bb7 13. e4 Rd8 14. Be3
Nc6 15. Nxc6 Bxc6 16. Bc4 a5 17. Kf2 Rab8 18. Rab1 Be7 19. Rhd1 Rb4 20. b3 Bd7
21. Rbc1 c6 22. Na4 Rbb8 23. Bf4 Ra8 24. Nb6 Ra7 25. Be2 Be8 26. Rc2 Rb7 27.
Na4 Rb4 28. Be3 Rb7 29. Nc5 Ra7 30. Nd3 a4 31. d5 axb3 32. axb3 Ra3 33. dxc6
Rc8 34. b4 Rxc6 35. Rxc6 Bxc6 36. Ne5 Ba4 37. Rb1 Ra2 38. Bc5 Bb5 39. Bxe7
Rxe2+ 40. Kg3 Ne8 41. Rc1 f6 42. Nc6 Kf7 43. Bc5 Bxc6 44. Bf2 Ba4 45. Ra1 Bb5
46. Ra7+ Kg6 47. Bc5 Rd2 48. Rb7 Bc6 49. Re7 e5 50. Re6 Bd7 51. Rb6 Nc7 52. Be3
Rd3 53. Kf2 Nb5 54. Ke2 Rb3 55. Bc5 Na3 56. Rb8 Bb5+ 57. Kf2 Rb2+ 58. Kg3 Rd2
59. Be3 Rd1 60. h4 h5 61. Bc5 Rd7 62. Be3 Rc7 63. Bc5 Bc6 64. Kf2 Rb7 65. Rc8
Bd7 66. Rd8 Nb5 67. Ke3 Na7 68. Bxa7 Rxa7 69. Kd2 Bb5 70. Rb8 Bf1 71. b5 Ra2+
72. Ke3 Re2+ 73. Kd3 Rb2+ 74. Ke3 Bxb5 75. g3 Re2# 0-1

[Event "Tournoi Skype 031A"]
[Site "Skype"]
[Date "????.??.??"]
[Round "8.4"]
[White "Calcino, Luis"]
[Black "Segura Lozano, Marcos Antonio"]
[Result "1-0"]
[WhiteElo "1680"]
[BlackElo "1804"]
[PlyCount "97"]

1. c4 Nf6 2. Nf3 d6 3. g3 g6 4. Bg2 Bg7 5. d3 c6 6. Nc3 O-O 7. O-O e5 8. Bg5
Nbd7 9. Qd2 Qc7 10. Bh6 Re8 11. Bxg7 Kxg7 12. b4 b6 13. e4 Bb7 14. Rac1 Nf8 15.
Rfe1 Rad8 16. b5 c5 17. Nd5 Nxd5 18. exd5 Bc8 19. Ng5 f6 20. Ne4 f5 21. Ng5 h6
22. Nh3 g5 23. f4 g4 24. Nf2 Ng6 25. h3 h5 26. fxe5 dxe5 27. Qg5 Qe7 28. Qd2
Qf6 29. Rf1 h4 30. Nxg4 Qd6 31. Qh6+ Kg8 32. Qg5 Rf8 33. Nxe5 Qxe5 34. Qxg6+
Qg7 35. Qxg7+ Kxg7 36. gxh4 Rh8 37. Rf4 Rde8 38. Kf2 Rh6 39. Bf3 Reh8 40. h5
Kf6 41. Re1 Rg8 42. h4 Rh7 43. a4 Bd7 44. d4 Rhg7 45. d6 Rg3 46. Bc6 Bxc6 47.
bxc6 Rg2+ 48. Ke3 Re8+ 49. Kf3 1-0

[Event "Tournoi Skype 031A"]
[Site "Skype"]
[Date "????.??.??"]
[Round "8.5"]
[White "Deville, Olivier"]
[Black "Saponara, Jose Maria"]
[Result "1-0"]
[WhiteElo "1751"]
[BlackElo "1516"]
[PlyCount "85"]

1. d4 e6 2. c4 f5 3. g3 Nf6 4. Bg2 c6 5. Nf3 d5 6. O-O Bd6 7. b3 O-O 8. Ba3 Qe7
9. Bxd6 Qxd6 10. Ne5 Nbd7 11. Nxd7 Bxd7 12. Nd2 Rad8 13. e3 Be8 14. Qc2 Bg6 15.
Qb2 Ne4 16. Rac1 Bh5 17. b4 Rf6 18. a4 Qd7 19. Nb3 b6 20. a5 Rh6 21. cxd5 exd5
22. axb6 axb6 23. Ra1 Qb7 24. Qa3 Nd6 25. Qa7 Be2 26. Rfe1 Bd3 27. Qxb7 Nxb7
28. Ra7 Nd6 29. Rea1 Rf6 30. Bf1 Bxf1 31. Kxf1 Rf7 32. R1a6 Rb8 33. Nc1 Rfb7
34. Nd3 Nb5 35. Rxb7 Rxb7 36. Ne5 Na7 37. Ke2 Kf8 38. Kf3 Ke8 39. Kf4 g6 40.
Kg5 Kf8 41. Kf6 Ke8 42. Ke6 Nb5 43. Ra8+ 1-0

[Event "Tournoi Skype 031A"]
[Site "Skype"]
[Date "????.??.??"]
[Round "8.6"]
[White "Garcia Andrinal, Antonio"]
[Black "Rico Hernandez, Edgar"]
[Result "0-1"]
[WhiteElo "1632"]
[BlackElo "1701"]
[PlyCount "86"]

1. e4 c6 2. Nf3 d5 3. Nc3 Bg4 4. h3 Bxf3 5. Qxf3 e6 6. exd5 exd5 7. d4 Bb4 8.
a3 Bd6 9. Bd3 Nf6 10. Be3 Nbd7 11. O-O O-O 12. Ne2 Re8 13. Ng3 g6 14. Rfe1 Bf8
15. c4 Bg7 16. cxd5 Nxd5 17. Bc4 N7b6 18. Bg5 Qd7 19. Qd3 Nxc4 20. Qxc4 Nb6 21.
Qd3 Qxd4 22. Qxd4 Bxd4 23. Ne4 Bxb2 24. Ra2 Bg7 25. Nf6+ Bxf6 26. Rxe8+ Rxe8
27. Bxf6 Nd5 28. Bd4 b6 29. Rd2 f5 30. Bb2 Kf7 31. Rc2 c5 32. Rd2 Nf6 33. Rd6
Ne4 34. Rd1 Re7 35. a4 Ke6 36. Rd8 Rd7 37. Rb8 Rd1+ 38. Kh2 Nxf2 39. Re8+ Kd5
40. Re7 f4 41. g4 Nd3 42. Bh8 f3 43. Rf7 f2 0-1

[Event "Tournoi Skype 031A"]
[Site "Skype"]
[Date "????.??.??"]
[Round "8.7"]
[White "Sanchez Ruiz, Justo"]
[Black "Lambert, Pierre"]
[Result "1/2-1/2"]
[WhiteElo "1519"]
[BlackElo "1660"]
[PlyCount "117"]

1. d4 d5 2. Bf4 e6 3. e3 Nf6 4. c3 Bd6 5. Bg3 O-O 6. Nf3 c5 7. Nbd2 cxd4 8.
exd4 Nc6 9. Bd3 Qc7 10. O-O h6 11. Re1 Nh5 12. Bxd6 Qxd6 13. Ne5 Nf4 14. Ndf3
Nxd3 15. Qxd3 Ne7 16. h3 a5 17. a4 b6 18. Qb1 Qc7 19. Rc1 f6 20. Nd3 Bd7 21.
Re1 Qd6 22. Qd1 Ng6 23. Qd2 Rac8 24. Qe3 Rfe8 25. Qd2 Rc7 26. h4 e5 27. dxe5
fxe5 28. h5 e4 29. hxg6 exf3 30. Rxe8+ Bxe8 31. Qf4 Qxg6 32. Qxf3 Qg5 33. Qf4
Qxf4 34. Nxf4 Bf7 35. Rd1 Rd7 36. Rd4 g5 37. Nd3 Rc7 38. Ne5 Be6 39. g3 Kg7 40.
Kg2 Kf6 41. Nd3 Rc4 42. Kf3 h5 43. Ke3 Kf5 44. f3 Rxd4 45. Kxd4 h4 46. g4+ Kf6
47. Nf2 Bf7 48. Nh3 Be8 49. b3 Bc6 50. Nf2 Bb7 51. b4 Bc6 52. b5 Bb7 53. Nh3
Ba8 54. Ke3 Bb7 55. f4 gxf4+ 56. Kxf4 Bc8 57. Nf2 Be6 58. Nh3 Bd7 59. Nf2
1/2-1/2

[Event "Tournoi Skype 031A"]
[Site "Skype"]
[Date "????.??.??"]
[Round "8.8"]
[White "Kumbhar, Ashok"]
[Black "Gungor, Gokhan"]
[Result "0-1"]
[WhiteElo "1100"]
[BlackElo "1550"]
[PlyCount "58"]

1. d4 Nf6 2. Nf3 d5 3. Bf4 c5 4. dxc5 Qa5+ 5. c3 Qxc5 6. Nbd2 Nc6 7. e3 e6 8.
Nb3 Qb6 9. Bd3 Be7 10. Nbd4 a6 11. Qc2 O-O 12. O-O Bd7 13. Nxc6 Bxc6 14. Rac1
Bb5 15. c4 dxc4 16. Bxc4 Bxc4 17. Qxc4 Rac8 18. Bc7 Qxb2 19. Rb1 Qa3 20. Rxb7
Nd5 21. Ra7 Qc5 22. Qxc5 Bxc5 23. Rxa6 Rxc7 24. Rc1 Rfc8 25. Ra5 h6 26. h3 Nxe3
27. Rcxc5 Rxc5 28. Rxc5 Rxc5 29. fxe3 Ra5 0-1